000 00585nam a2200217Ia 4500
003 OSt
005 20230324134124.0
008 210423s2017 xx 000 0 und d
020 _a978-81-309-3452-5
040 _cAL
041 _aeng
082 _a664
_223
_bMUKF
100 _aMUKHOPADHYAY (S N)
_977482
245 _aFood engineering: process and technology
260 _aNew Delhi
_bViva Books Pvt Ltd
_c2017
300 _axvi,606
_bPB
365 _b995
_cINR
650 _aFood Technology
_977483
906 _aengineering: ; Food ; process ; technology
942 _2ddc
_cBK
999 _c168818
_d168818